Statistics for Countries with the Most Concentrated Populations

Click here to take the quiz!

General Stats

  • This quiz has been taken 378 times
    (377 since last reset)
  • The average score is 9 of 17

Answer Stats

% AreaCountry% Correct
2%Canada
86%
1%Australia
85%
15%United States
73%
5%Algeria
70%
3%Egypt
70%
3%Libya
65%
13%New Zealand
62%
12%Saudi Arabia
61%
16%Argentina
60%
19%Niger
58%
19%Chile
57%
19%Oman
47%
19%Namibia
43%
14%Yemen
41%
8%Guyana
24%
16%Jordan
24%
8%Suriname
23%

Score Distribution

Percentile by Number Answered

Percent of People with Each Score

Your Score History

You have not taken this quiz since the last reset